<?xml version="1.0" encoding="UTF-8"?><?xml-stylesheet type="text/xsl" href="static/style.xsl"?><OAI-PMH xmlns="http://www.openarchives.org/OAI/2.0/" xmlns:xsi="http://www.w3.org/2001/XMLSchema-instance" xsi:schemaLocation="http://www.openarchives.org/OAI/2.0/ http://www.openarchives.org/OAI/2.0/OAI-PMH.xsd"><responseDate>2026-04-13T01:02:03Z</responseDate><request verb="GetRecord" identifier="oai:www.recercat.cat:2072/381999" metadataPrefix="marc">https://recercat.cat/oai/request</request><GetRecord><record><header><identifier>oai:recercat.cat:2072/381999</identifier><datestamp>2026-03-08T23:54:40Z</datestamp><setSpec>com_2072_98</setSpec><setSpec>col_2072_378192</setSpec></header><metadata><record xmlns="http://www.loc.gov/MARC21/slim" xmlns:dcterms="http://purl.org/dc/terms/" xmlns:xsi="http://www.w3.org/2001/XMLSchema-instance" xmlns:doc="http://www.lyncode.com/xoai" xsi:schemaLocation="http://www.loc.gov/MARC21/slim http://www.loc.gov/standards/marcxml/schema/MARC21slim.xsd">
   <leader>00925njm 22002777a 4500</leader>
   <datafield ind2=" " ind1=" " tag="042">
      <subfield code="a">dc</subfield>
   </datafield>
   <datafield ind2=" " ind1=" " tag="720">
      <subfield code="a">Mendoza, Cristóbal</subfield>
      <subfield code="e">author</subfield>
   </datafield>
   <datafield ind2=" " ind1=" " tag="720">
      <subfield code="a">Ortiz Guitart, Anna</subfield>
      <subfield code="e">author</subfield>
   </datafield>
   <datafield ind2=" " ind1=" " tag="260">
      <subfield code="c">2006</subfield>
   </datafield>
   <datafield ind2=" " ind1=" " tag="520">
      <subfield code="a">La literatura sobre migración calificada se ha centrado principalmente en dos temas: a) la fuga de cerebros de países en vías de desarrollo a países con niveles mayores de bienestar, y b) la movilidad profesional dentro de las empresas transnacionales. Este artículo se centra en el colectivo de empresarios, profesionales y técnicos españoles de alta calificación en la ciudad de México. A partir de una metodología cualitativa, se analizan aspectos relacionados con la inserción laboral y social de los entrevistados, así como sus valoraciones y percepciones sobre la ciudad de México.</subfield>
   </datafield>
   <datafield ind2=" " ind1=" " tag="520">
      <subfield code="a">La literatura sobre migració qualificada s'ha centrat principalment en dos temes: a) la fuga de cervells de països en vies de desenvolupament a països amb nivells més elevats de benestar, i b) la mobilitat professional dins les empreses transnacionals. Aquest article se centra en el col·lectiu d'empresaris, professionals i tècnics espanyols d'alta qualificació a la ciutat de Mèxic. A partir d'una metodologia qualitativa, s'hi analitzen aspectes relacionats amb la inserció laboral i social dels entrevistats, així com les seves valoracions i percepcions sobre la ciutat de Mèxic.</subfield>
   </datafield>
   <datafield ind2=" " ind1=" " tag="520">
      <subfield code="a">La littérature autour la migration qualifié parle surtout sur deux thèmes: a) la fuite des cerveaux des pays du Tiers Monde aux pays avec une qualité de vie meilleure, et b) la mobilité professionnelle dans les entreprises transnationales. Cet article analyse le collectif d'entrepreneurs, professionnels et techniques espagnols d'haute qualification à la ville de Mexico. À partir d'une méthodologie qualitative, s'analysent aspects en relation à l'insertion sociale et au travail des entrevues, aussi comme leurs perceptions et valorisations autour la ville de Mexico.</subfield>
   </datafield>
   <datafield tag="653" ind2=" " ind1=" ">
      <subfield code="a">Migración calificada</subfield>
   </datafield>
   <datafield tag="653" ind2=" " ind1=" ">
      <subfield code="a">Ciudad de México</subfield>
   </datafield>
   <datafield tag="653" ind2=" " ind1=" ">
      <subfield code="a">España</subfield>
   </datafield>
   <datafield tag="653" ind2=" " ind1=" ">
      <subfield code="a">Migració qualificada</subfield>
   </datafield>
   <datafield tag="653" ind2=" " ind1=" ">
      <subfield code="a">Ciutat de Mèxic</subfield>
   </datafield>
   <datafield tag="653" ind2=" " ind1=" ">
      <subfield code="a">Espanya</subfield>
   </datafield>
   <datafield tag="653" ind2=" " ind1=" ">
      <subfield code="a">Migration qualifié</subfield>
   </datafield>
   <datafield tag="653" ind2=" " ind1=" ">
      <subfield code="a">Ville de Mexico</subfield>
   </datafield>
   <datafield tag="653" ind2=" " ind1=" ">
      <subfield code="a">Espagne</subfield>
   </datafield>
   <datafield ind2="0" ind1="0" tag="245">
      <subfield code="a">Hacer las Américas. Migrantes españoles de alta calificación en la ciudad de México</subfield>
   </datafield>
</record></metadata></record></GetRecord></OAI-PMH>